000 00345 a2200169 4500
001 56839
020 _a8532206239
040 _cAnchieta - Pituba
100 _aGaldino, Luiz
240 1 0 _aSaruĂȘ, zambi!
_lpor
245 1 0 _aSaruĂȘ, zambi!
300 _a87
362 0 _a1997
440 1 _aFTD
650 4 _aLiteratura juvenil
942 _cBK
999 _c56839
_d56839